Welcome to CU Library Online Public Access Catalogue (OPAC)

Prophecy in light of today / (Record no. 6458)

MARC details
000 -LEADER
fixed length control field 00951cam a22002294a 4500
001 - CONTROL NUMBER
control field 12654291
005 - DATE AND TIME OF LATEST TRANSACTION
control field 20250613132311.0
008 - FIXED-LENGTH DATA ELEMENTS--GENERAL INFORMATION
fixed length control field 020124s2002 ilua b 000 0 eng
020 ## - INTERNATIONAL STANDARD BOOK NUMBER
International Standard Book Number 0802413579
050 00 - LIBRARY OF CONGRESS CALL NUMBER
Classification number BS649.E63
Item number P76 2002
082 00 - DEWEY DECIMAL CLASSIFICATION NUMBER
Classification number 220.1/5
Edition information 21
245 00 - TITLE STATEMENT
Title Prophecy in light of today /
Statement of responsibility, etc. Charles H. Dyer ... [et al.].
260 ## - PUBLICATION, DISTRIBUTION, ETC.
Place of publication, distribution, etc. Chicago, Ill. :
Name of publisher, distributor, etc. Moody Press,
Date of publication, distribution, etc. c2002.
300 ## - PHYSICAL DESCRIPTION
Extent 127 p. :
Other physical details ill. ;
Dimensions 22 cm.
650 #0 - SUBJECT ADDED ENTRY--TOPICAL TERM
Topical term or geographic name entry element End of the world
General subdivision Biblical teaching.
650 #0 - SUBJECT ADDED ENTRY--TOPICAL TERM
Topical term or geographic name entry element September 11 Terrorist Attacks, 2001
General subdivision Religious aspects
-- Christianity.
700 1# - ADDED ENTRY--PERSONAL NAME
Personal name Dyer, Charles H.,
Dates associated with a name 1952-
856 42 - ELECTRONIC LOCATION AND ACCESS
Materials specified Publisher description
Uniform Resource Identifier <a href="http://www.loc.gov/catdir/enhancements/fy0612/2002019894-d.html">http://www.loc.gov/catdir/enhancements/fy0612/2002019894-d.html</a>
856 42 - ELECTRONIC LOCATION AND ACCESS
Materials specified Contributor biographical information
Uniform Resource Identifier <a href="http://www.loc.gov/catdir/enhancements/fy1201/2002019894-b.html">http://www.loc.gov/catdir/enhancements/fy1201/2002019894-b.html</a>
856 41 - ELECTRONIC LOCATION AND ACCESS
Materials specified Table of contents only
Uniform Resource Identifier <a href="http://www.loc.gov/catdir/enhancements/fy1203/2002019894-t.html">http://www.loc.gov/catdir/enhancements/fy1203/2002019894-t.html</a>
942 ## - ADDED ENTRY ELEMENTS (KOHA)
Source of classification or shelving scheme Library of Congress Classification
Koha item type Books
Suppress in OPAC No
999 ## -
-- 6458
-- 6458
Holdings
Withdrawn status Lost status Source of classification or shelving scheme Damaged status Not for loan Collection Home library Current library Shelving location Date acquired Total checkouts Full call number Barcode Date last seen Copy number Price effective from Koha item type
    Library of Congress Classification     Non-fiction Undergraduate Library (Christ Temple) Undergraduate Library (Christ Temple) General stacks 06/13/2025   BS643 DYE ulct00003265 06/13/2025 1 06/13/2025 Books
    Library of Congress Classification     Non-fiction Undergraduate Library (Christ Temple) Undergraduate Library (Christ Temple) General stacks 06/13/2025   BS643 DYE ulct00003266 06/13/2025 2 06/13/2025 Books
    Library of Congress Classification     Non-fiction Undergraduate Library (Christ Temple) Undergraduate Library (Christ Temple) General stacks 06/13/2025   BS643 DYE ulct00003267 06/13/2025 3 06/13/2025 Books
© 2023-2024 Copyright: Central University Libraries. All Rights Reserved | Created by: Mahone Tech Office